Organic electrochemistry
Guardat en:
| Autors principals: | , |
|---|---|
| Format: | Llibre |
| Idioma: | anglès |
| Publicat: |
Nueva York
Marcel Dekker
2001
|
| Edició: | 4a. ed |
| Matèries: | |
| Etiquetes: |
Afegir etiqueta
Sense etiquetes, Sigues el primer a etiquetar aquest registre!
|
MARC
| LEADER | 00000nam a2200000 a 4500 | ||
|---|---|---|---|
| 001 | UCN1060 | ||
| 003 | CL-VaPUC | ||
| 008 | 010420e20010000US |||||||||||||||||eng|d | ||
| 082 | 0 | 4 | |a 547.137 |b LUN |2 21 |
| 100 | |a Lund, Henning |e autor |9 456431 | ||
| 700 | 0 | |a Hammerich, Ole |e author |9 456432 | |
| 245 | 1 | 0 | |a Organic electrochemistry |
| 250 | |a 4a. ed | ||
| 300 | |a 1393 p | ||
| 942 | |c BK | ||
| 945 | |d 20010420 00:00:00 |a vberengu | ||
| 260 | |a Nueva York |b Marcel Dekker |c 2001 | ||
| 650 | 0 | |a Electroquímica |9 263973 | |
| 650 | 7 | |a REACCIONES ELECTROQUIMICAS |2 CL-VaPUC |9 375557 | |
| 650 | 7 | |a ELECTROQUIMICA ORGANICA |2 CL-VaPUC |9 456433 | |
| 650 | 7 | |a COMPUESTOS ORGANICOS |2 CL-VaPUC |9 306788 | |
| 650 | 7 | |a ELECTROLISIS |2 CL-VaPUC |9 360639 | |
| 650 | 7 | |a COMPUESTOS HETEROCICLICOS |2 CL-VaPUC |9 306973 | |
| 583 | |a last modification |c 20010420 00:00:00 |k Rodrigo Vera | ||
| 999 | |c 294652 |d 294650 | ||
| 952 | |0 0 |1 0 |4 0 |6 547_137000000000000_LUN_2001 |7 0 |8 A |9 347280 |a BIBCUR |b BIBCUR |d 2019-11-20 |i 3714888 |o 547.137 LUN 2001 |p 3714888 |r 2025-04-22 |w 2019-11-20 |y BK |k QUI | ||